00971nam a2200169 a 4500041000800000100002800008110005900036245012700095260005800222300001000280520031000290650001800600650001900618662002700637700003100664773010600695 aspa aMorales Rivas, Mónica bCorporación Autónoma Regional de Cundinamarca, CAR aEstudio preliminar de análisis de representatividad ecosistémica de las áreas protegidas en jurisdicción de la CAR aBogotábCARbInstituto Alexander von Humboldtc2004 a65 p. aEn la primera parte se hace una revisión del tema de representatividad, del marco conceptual de este trabajo y de la metodología utilizada. En la segunda parte se presenta una síntesis de los resultados alcanzados incluyendo tablas, gráficos y mapas, éstos últimos en el anexo de este informe. aBiodiversidad aConservación aColombiabCundinamarca aArmenteras Pascual, Dolors0 05986abdBogotá Informatica documental 2007o024802tInformes de investigaciones IAVH en PDFwxz